000
00314nam a22001457a 4500
008
210426b ||||| |||| 00| 0 eng d
020
_a
9780759100459
041
_a
eng
080
_a
572
082
_a
572
100
_a
24
101
_a
ANT
245
_a
Participant Observation
_c
Dewalt,K.M
942
_2
udc
_c
BK
999
_c
56780
_d
56780